[Event "Asuncion CIT op"]
[Site "Asuncion"]
[Date "2023.08.17"]
[Round "8"]
[White "Barrientos, Ernesto"]
[Black "Gamarra, Ramon"]
[Result "1-0"]
[WhiteElo "1982"]
[BlackElo "1855"]
[PlyCount "125"]
[EventDate "2023.08.12"]
[EventType "swiss"]
[EventRounds "9"]
[EventCountry "PAR"]
[SourceTitle "CBM 215 Extra"]
[Source "ChessBase"]
[SourceDate "2023.09.30"]
[SourceVersion "1"]
[SourceVersionDate "2023.09.30"]
[SourceQuality "1"]

1. e4 c5 2. Nf3 d6 3. d4 cxd4 4. Nxd4 Nf6 5. Nc3 a6 6. h3 e5 7. Nde2 Be6 8. g4 d5 9. exd5 Nxd5 10. Bg2 Nxc3 11. Qxd8+ Kxd8 12. Nxc3 Kc7 13. Be3 Bb4 14. 0-0 Bxc3 15. bxc3 Nc6 16. Rfb1 b5 17. a4 Bc4 18. a5 Rae8 19. Bb6+ Kb7 20. Re1 h5 21. Rad1 Rh6 22. Rd7+ Kb8 23. Be4 hxg4 24. hxg4 Ne7 25. Red1 Nc6 26. g5 Rhe6 27. Rc7 Rd8 28. Rxd8+ Nxd8 29. Rd7 Nc6 30. Rxf7 g6 31. Rf6 Ne7 32. Rf8+ Nc8 33. Rd8 Be2 34. Rg8 Bh5 35. Kg2 Rd6 36. Rg7 Nxb6 37. Rb7+ Kc8 38. axb6 a5 39. Ra7 Rxb6 40. Rxa5 b4 41. cxb4 Rxb4 42. Rxe5 Kd7 43. f3 Rc4 44. Ra5 Rc3 45. Kg3 Ke6 46. Kf4 Rc4 47. Ra6+ Ke7 48. Rc6 Rb4 49. c4 Ra4 50. Ke5 Ra5+ 51. c5 Kd7 52. Rb6 Rxc5+ 53. Kf6 Bxf3 54. Bxf3 Rf5+ 55. Kxg6 Rxf3 56. Kg7 Ke7 57. g6 Rf2 58. Rb1 Rf3 59. Re1+ Kd7 60. Kg8 Rf2 61. g7 Rf3 62. Rh1 Ke7 63. Kh8 1-0

[Event "Asuncion CIT op"]
[Site "Asuncion"]
[Date "2023.08.14"]
[Round "4"]
[White "Gamarra, Ramon"]
[Black "Cubas, Jose Fernando"]
[Result "0-1"]
[WhiteElo "1855"]
[BlackElo "2430"]
[PlyCount "94"]
[EventDate "2023.08.12"]
[EventType "swiss"]
[EventRounds "9"]
[EventCountry "PAR"]
[SourceTitle "CBM 215 Extra"]
[Source "ChessBase"]
[SourceDate "2023.09.30"]
[SourceVersion "1"]
[SourceVersionDate "2023.09.30"]
[SourceQuality "1"]

1. d4 f5 2. Nf3 Nf6 3. g3 g6 4. c4 Bg7 5. Bg2 0-0 6. Nc3 d6 7. 0-0 Nc6 8. d5 Ne5 9. Nxe5 dxe5 10. b4 e4 11. Qb3 e6 12. Bg5 h6 13. Bxf6 Qxf6 14. Nb5 Qf7 15. Rad1 a6 16. Nd4 exd5 17. cxd5 Rd8 18. Ne6 Bxe6 19. dxe6 Qe7 20. Rd7 Rxd7 21. exd7+ Qf7 22. Rd1 Rd8 23. f3 Qxb3 24. axb3 e3 25. f4 c6 26. g4 fxg4 27. Be4 Kf7 28. Kg2 h5 29. Kg3 Bc3 30. b5 axb5 31. Rd3 Ba5 32. Rd6 Rg8 33. d8Q Bxd8 34. Rd7+ Ke6 35. Rxb7 Kd6 36. Rh7 Ba5 37. Rh6 Be1+ 38. Kg2 Rf8 39. Rxg6+ Kc5 40. f5 Kd4 41. Bxc6 Rxf5 42. Kg1 Bf2+ 43. Kg2 Bh4 44. Kg1 Kc3 45. Bd7 Rd5 46. Rc6+ Kb4 47. Be8 Bf2+ 0-1

[Event "Caioba op 7th"]
[Site "Caioba"]
[Date "2023.06.19"]
[Round "2"]
[White "Predebon, Eduardo Angonesi"]
[Black "Gamarra, Ramon"]
[Result "1/2-1/2"]
[WhiteElo "1711"]
[BlackElo "1881"]
[PlyCount "39"]
[EventDate "2023.06.18"]
[EventType "swiss"]
[EventRounds "9"]
[EventCountry "BRA"]
[SourceTitle "CBM 214 Extra"]
[Source "ChessBase"]
[SourceDate "2023.07.31"]
[SourceVersion "1"]
[SourceVersionDate "2023.07.31"]
[SourceQuality "1"]

1. e4 c5 2. Nf3 d6 3. d4 cxd4 4. Nxd4 Nf6 5. Nc3 a6 6. Bg5 e6 7. Qf3 Be7 8. 0-0-0 Qc7 9. Qg3 b5 10. Bxb5+ axb5 11. Ndxb5 Qc5 12. Nxd6+ Bxd6 13. Rxd6 Nbd7 14. Rhd1 Ra6 15. Be3 Qa5 16. R6d4 Nh5 17. Qh4 Nhf6 18. Qg3 Nh5 19. Qh4 Nhf6 20. Qg3 1/2-1/2

[Event "Caioba op 7th"]
[Site "Caioba"]
[Date "2023.06.18"]
[Round "1"]
[White "Gamarra, Ramon"]
[Black "Britez, G Jorge A"]
[Result "1/2-1/2"]
[WhiteElo "1881"]
[BlackElo "1730"]
[PlyCount "31"]
[EventDate "2023.06.18"]
[EventType "swiss"]
[EventRounds "9"]
[EventCountry "BRA"]
[SourceTitle "CBM 214 Extra"]
[Source "ChessBase"]
[SourceDate "2023.07.31"]
[SourceVersion "1"]
[SourceVersionDate "2023.07.31"]
[SourceQuality "1"]

1. Nf3 Nf6 2. d4 g6 3. g3 Bg7 4. Bg2 0-0 5. 0-0 d5 6. Nbd2 c6 7. c3 Nbd7 8. Qc2 Re8 9. e4 dxe4 10. Nxe4 Nxe4 11. Qxe4 e5 12. dxe5 Nxe5 13. Nxe5 Bxe5 14. Re1 Bf5 15. Qb4 Qe7 16. Qa4 1/2-1/2

[Event "Florianopolis op 8th"]
[Site "Florianopolis"]
[Date "2022.01.29"]
[Round "8"]
[White "Itagyba, Renan Fortes"]
[Black "Gamarra, Ramon"]
[Result "1-0"]
[WhiteElo "1737"]
[BlackElo "1937"]
[PlyCount "100"]
[EventDate "2022.01.24"]
[EventType "swiss"]
[EventRounds "10"]
[EventCountry "BRA"]
[SourceTitle "EXT 2023"]
[Source "ChessBase"]
[SourceDate "2022.10.05"]
[SourceVersion "1"]
[SourceVersionDate "2022.10.05"]
[SourceQuality "1"]

1. e4 c5 2. Nf3 d6 3. d4 cxd4 4. Nxd4 Nf6 5. f3 a6 6. c4 e6 7. Nc3 Be7 8. Be2 Qc7 9. Be3 Nbd7 10. Qd2 b6 11. Rc1 Bb7 12. b3 0-0 13. 0-0 Rac8 14. Rc2 Rfd8 15. Rfc1 Qb8 16. b4 Bf8 17. Nb3 Qa8 18. a3 d5 19. cxd5 exd5 20. Nxd5 Nxd5 21. Rxc8 Rxc8 22. Rxc8 Qxc8 23. exd5 Qe8 24. Bf4 Nf6 25. d6 Nd5 26. Bg3 Qd7 27. Bc4 Nf6 28. Qd4 Qc6 29. Be5 Nd7 30. Bf4 g6 31. Nd2 b5 32. Bf1 Bg7 33. Qd3 Qc1 34. Qe3 Bc6 35. Ne4 Qa1 36. Qc1 Qd4+ 37. Be3 Qd5 38. Qd2 Qe6 39. Nc5 Nxc5 40. Bxc5 h5 41. Qe2 Qxe2 42. Bxe2 Bb2 43. a4 bxa4 44. Bxa6 a3 45. Bc4 Bd7 46. Kf2 Kf8 47. b5 Ke8 48. b6 Bc8 49. Bb4 Kd8 50. b7 Bxb7 1-0

[Event "Florianopolis op 8th"]
[Site "Florianopolis"]
[Date "2022.01.27"]
[Round "5"]
[White "Gamarra, Ramon"]
[Black "Tomiello, Lucas Costamilan"]
[Result "0-1"]
[WhiteElo "1937"]
[BlackElo "2146"]
[PlyCount "78"]
[EventDate "2022.01.24"]
[EventType "swiss"]
[EventRounds "10"]
[EventCountry "BRA"]
[SourceTitle "CBM 206 Extra"]
[Source "ChessBase"]
[SourceDate "2022.03.31"]
[SourceVersion "1"]
[SourceVersionDate "2022.03.31"]
[SourceQuality "1"]

1. d4 Nf6 2. c4 g6 3. Nc3 d5 4. e3 Bg7 5. Nf3 0-0 6. Be2 dxc4 7. 0-0 c5 8. Bxc4 Nc6 9. dxc5 Qa5 10. Qe2 Qxc5 11. h3 Na5 12. Bd3 Be6 13. Nd4 Bc4 14. Bxc4 Qxc4 15. Qxc4 Nxc4 16. b3 Nb6 17. Ba3 Rfc8 18. Rac1 Nfd5 19. Ne4 Bxd4 20. exd4 Nf4 21. Ng3 Nbd5 22. Rfd1 a5 23. Kf1 a4 24. Rxc8+ Rxc8 25. Rc1 Ra8 26. b4 Nd3 27. Rc4 b5 28. Rc6 N3xb4 29. Rc5 Rb8 30. Ne4 Nxa2 31. Rxd5 b4 32. Ra5 bxa3 33. Rxa4 Rb1+ 34. Ke2 Nc1+ 35. Kd2 a2 36. Kc2 a1Q 37. Rxa1 Rxa1 38. Kb2 Ra2+ 39. Kxc1 Re2 0-1

[Event "Florianopolis op 8th"]
[Site "Florianopolis"]
[Date "2022.01.25"]
[Round "3"]
[White "Gamarra, Ramon"]
[Black "De Albuquelque, Gabriel Tenorio"]
[Result "1-0"]
[WhiteElo "1937"]
[BlackElo "1634"]
[PlyCount "127"]
[EventDate "2022.01.24"]
[EventType "swiss"]
[EventRounds "10"]
[EventCountry "BRA"]
[SourceTitle "CBM 206 Extra"]
[Source "ChessBase"]
[SourceDate "2022.03.31"]
[SourceVersion "1"]
[SourceVersionDate "2022.03.31"]
[SourceQuality "1"]

1. c4 e5 2. Nc3 Nc6 3. g3 f5 4. Bg2 Nf6 5. e3 d6 6. Nge2 Bd7 7. d3 g5 8. Nd5 Nxd5 9. Bxd5 Qf6 10. Bd2 Nd8 11. Bg2 Bc6 12. Bd5 Bg7 13. Bc3 Bxd5 14. cxd5 Qf7 15. Qa4+ c6 16. dxc6 Nxc6 17. f4 Qd5 18. 0-0-0 Qf3 19. Rhe1 Qxe3+ 20. Kb1 Qb6 21. Nd4 0-0 22. Ne6 Rfe8 23. Nxg5 Qc5 24. Qb3+ d5 25. Qxb7 Ne7 26. Bb4 Qc6 27. Qxc6 Nxc6 28. Bd6 h6 29. Nf3 e4 30. Nh4 Nd4 31. Bc5 Reb8 32. Bxd4 Bxd4 33. b3 Bc3 34. Re2 a5 35. dxe4 a4 36. Kc2 Rc8 37. Rxd5 axb3+ 38. axb3 Ra2+ 39. Kd3 fxe4+ 40. Rxe4 Rd2+ 41. Ke3 Rxd5 42. Ng6 Bf6 43. Rb4 Kf7 44. Ke4 Rdc5 45. f5 Re8+ 46. Kf4 Rc7 47. h4 Rd8 48. Ke4 Rcd7 49. Rb5 Rd4+ 50. Kf3 Rd3+ 51. Kg2 R3d5 52. Rb6 Rxf5 53. Nf4 Rg8 54. Rb7+ Be7 55. Kf3 h5 56. b4 Rc8 57. Ke4 Rf6 58. Nxh5 Re6+ 59. Kf5 Rc1 60. Nf4 Rf6+ 61. Kg4 Rc4 62. b5 Rg6+ 63. Kh3 Rc3 64. Nxg6 1-0

[Event "Caioba Telecom op 5th"]
[Site "Caioba"]
[Date "2019.08.13"]
[Round "2"]
[White "Gamarra, Ramon"]
[Black "Araujo, Adalberto Marcos"]
[Result "0-1"]
[WhiteElo "1900"]
[BlackElo "2167"]
[PlyCount "76"]
[EventDate "2019.08.12"]
[EventType "swiss"]
[EventRounds "9"]
[EventCountry "BRA"]
[SourceTitle "EXT 2020"]
[Source "ChessBase"]
[SourceDate "2019.10.17"]
[SourceVersion "1"]
[SourceVersionDate "2019.10.17"]
[SourceQuality "1"]

1. c4 c5 2. Nc3 Nc6 3. g3 g6 4. Bg2 Bg7 5. e3 e5 6. Nge2 Nge7 7. 0-0 d6 8. d3 0-0 9. Rb1 Rb8 10. a3 a5 11. h3 Be6 12. Nd5 b5 13. Qc2 Qd7 14. Kh2 b4 15. Bd2 f5 16. axb4 Nxb4 17. Bxb4 axb4 18. Ra1 Nxd5 19. cxd5 Bf7 20. Ra6 Ra8 21. Rfa1 Qb7 22. Qc4 Rfd8 23. e4 Be8 24. Nc1 Rxa6 25. Qxa6 Qxa6 26. Rxa6 Bh6 27. Ra1 Bb5 28. exf5 gxf5 29. f4 exf4 30. g4 fxg4 31. Be4 Bg7 32. Ra2 h5 33. b3 Be5 34. hxg4 hxg4 35. Kg1 f3 36. Ra7 Rf8 37. Bh7+ Kh8 38. Bg6 g3 0-1

[Event "PAR-ch"]
[Site "Asuncion"]
[Date "2018.11.23"]
[Round "7"]
[White "Delgado Ramirez, Neuris"]
[Black "Gamarra, Ramon"]
[Result "1-0"]
[WhiteElo "2621"]
[BlackElo "1968"]
[PlyCount "79"]
[EventDate "2018.11.18"]
[EventType "tourn"]
[EventRounds "9"]
[EventCountry "PAR"]
[SourceTitle "CBM 187 Extra"]
[Source "ChessBase"]
[SourceDate "2018.11.04"]
[SourceVersion "1"]
[SourceVersionDate "2018.11.04"]
[SourceQuality "1"]

1. e4 c5 2. Nf3 d6 3. c3 e6 4. d4 Be7 5. Bd3 Nd7 6. 0-0 Qc7 7. Re1 Ngf6 8. e5 Nd5 9. Na3 a6 10. Be4 N7b6 11. Bg5 h6 12. Bxe7 Nxe7 13. exd6 Qxd6 14. dxc5 Qxc5 15. Rc1 0-0 16. b4 Qc7 17. c4 Bd7 18. Ne5 Rad8 19. c5 Nbd5 20. Qb3 Nf6 21. Bf3 Nc6 22. Nac4 Nd4 23. Qc3 Nxf3+ 24. Qxf3 Bc6 25. Qg3 Rd4 26. a3 Rfd8 27. Nd6 Rf8 28. Qe3 Rd5 29. Rc4 Nd7 30. Nexf7 Rxf7 31. Nxf7 e5 32. Nxh6+ Kf8 33. Nf5 Nf6 34. Rh4 Kg8 35. Qh3 Bd7 36. Ne7+ Kf7 37. Nxd5 Nxd5 38. Qg3 Nf4 39. Rh7 Ng6 40. h4 1-0

[Event "PAR-ch"]
[Site "Asuncion"]
[Date "2018.11.21"]
[Round "5"]
[White "Zacarias Martinez, Ruben David"]
[Black "Gamarra, Ramon"]
[Result "1-0"]
[WhiteElo "2147"]
[BlackElo "1968"]
[PlyCount "113"]
[EventDate "2018.11.18"]
[EventType "tourn"]
[EventRounds "9"]
[EventCountry "PAR"]
[SourceTitle "CBM 187 Extra"]
[Source "ChessBase"]
[SourceDate "2018.11.04"]
[SourceVersion "1"]
[SourceVersionDate "2018.11.04"]
[SourceQuality "1"]

1. e4 c5 2. Nf3 d6 3. d4 cxd4 4. Nxd4 Nf6 5. Nc3 a6 6. h3 b5 7. g4 Bb7 8. Bg2 e6 9. 0-0 Be7 10. e5 Nd5 11. Nxd5 exd5 12. exd6 Bxd6 13. Re1+ Kf8 14. Nf5 a5 15. Qd4 f6 16. Nxd6 Qxd6 17. Bf4 Qd7 18. Rad1 Kf7 19. Bxd5+ Qxd5 20. Qxd5+ Bxd5 21. Rxd5 Nc6 22. Rxb5 Nd4 23. Rb7+ Kg6 24. Ree7 Rhg8 25. c3 Nc6 26. Rec7 Nd8 27. Ra7 Ne6 28. Rxa8 Rxa8 29. Rc4 Rd8 30. Be3 Rd5 31. Kg2 h5 32. Rc6 Kf7 33. c4 Re5 34. Rb6 h4 35. a4 g6 36. Rb5 Nd8 37. Rxe5 fxe5 38. Kf3 Kf6 39. Ke4 Ke6 40. f4 exf4 41. Kxf4 Nf7 42. Bd2 Ne5 43. Bxa5 Nd3+ 44. Kg5 Nxb2 45. Kxg6 Nxa4 46. Kh5 Nc5 47. Kxh4 Kf6 48. Kh5 Ne4 49. Bb6 Ng3+ 50. Kh6 Ne4 51. g5+ Kf7 52. c5 Kg8 53. c6 Nd6 54. c7 Nf5+ 55. Kh5 Ne7 56. Bc5 Nc8 57. Kg6 1-0

[Event "Paraguay Champions"]
[Site "Asuncion"]
[Date "2018.10.23"]
[Round "6"]
[White "Gamarra, Ramon"]
[Black "Cantero, Rodolfo"]
[Result "1/2-1/2"]
[WhiteElo "1970"]
[BlackElo "2007"]
[PlyCount "56"]
[EventDate "2018.10.20"]
[EventType "tourn"]
[EventRounds "9"]
[EventCountry "PAR"]
[SourceTitle "CBM 187 Extra"]
[Source "ChessBase"]
[SourceDate "2018.11.04"]
[SourceVersion "1"]
[SourceVersionDate "2018.11.04"]
[SourceQuality "1"]

1. c4 c5 2. Nc3 Nc6 3. g3 g6 4. Bg2 Bg7 5. e3 Bxc3 6. bxc3 b6 7. Ne2 Bb7 8. 0-0 d6 9. Nf4 Qd7 10. d3 0-0-0 11. Bh3 e6 12. d4 f5 13. d5 exd5 14. cxd5 Ne5 15. e4 Ne7 16. a4 g5 17. Ne6 g4 18. Bg2 Nf3+ 19. Bxf3 gxf3 20. c4 fxe4 21. Re1 Rde8 22. Rxe4 Ng6 23. Bb2 Rhg8 24. Ra3 Ne5 25. Nf4 Qf5 26. Rae3 Rg4 27. Bxe5 dxe5 28. Qxf3 Reg8 1/2-1/2

[Event "Paraguay Champions"]
[Site "Asuncion"]
[Date "2018.10.21"]
[Round "4"]
[White "Benitez Galeano, Alejandro"]
[Black "Gamarra, Ramon"]
[Result "0-1"]
[WhiteElo "2053"]
[BlackElo "1970"]
[PlyCount "58"]
[EventDate "2018.10.20"]
[EventType "tourn"]
[EventRounds "9"]
[EventCountry "PAR"]
[SourceTitle "CBM 187 Extra"]
[Source "ChessBase"]
[SourceDate "2018.11.04"]
[SourceVersion "1"]
[SourceVersionDate "2018.11.04"]
[SourceQuality "1"]

1. Nf3 d5 2. g3 Nf6 3. Bg2 c5 4. 0-0 Nc6 5. d4 e6 6. c4 dxc4 7. Qa4 Qb6 8. Ne5 Bd7 9. Nxc6 cxd4 10. Qxc4 bxc6 11. Rd1 e5 12. Nd2 Rc8 13. Qc2 c5 14. Nc4 Qc7 15. f4 Bd6 16. Nxd6+ Qxd6 17. fxe5 Qxe5 18. Bf4 Qh5 19. e3 0-0 20. exd4 cxd4 21. Qb3 Be6 22. Qa4 Rc4 23. Qxa7 g5 24. b3 Rc2 25. Rd2 Rfc8 26. Qxd4 gxf4 27. Rxc2 Rxc2 28. Qxf6 Qc5+ 29. Kh1 Rc1+ 0-1

[Event "Paraguay Champions"]
[Site "Asuncion"]
[Date "2018.10.20"]
[Round "1"]
[White "Gamarra, Ramon"]
[Black "Diaz, Fernando"]
[Result "1-0"]
[WhiteElo "1970"]
[BlackElo "2095"]
[PlyCount "115"]
[EventDate "2018.10.20"]
[EventType "tourn"]
[EventRounds "9"]
[EventCountry "PAR"]
[SourceTitle "CBM 187 Extra"]
[Source "ChessBase"]
[SourceDate "2018.11.04"]
[SourceVersion "1"]
[SourceVersionDate "2018.11.04"]
[SourceQuality "1"]

1. c4 e5 2. Nc3 Nc6 3. g3 g6 4. Bg2 Bg7 5. Nf3 Nge7 6. 0-0 0-0 7. Rb1 a5 8. d3 d6 9. b3 h6 10. e4 Bg4 11. h3 Be6 12. Kh2 f5 13. a3 Qd7 14. Nd5 Rf7 15. Bd2 Raf8 16. b4 axb4 17. axb4 fxe4 18. dxe4 g5 19. Be3 g4 20. Ng1 Ng6 21. c5 Nd4 22. cxd6 gxh3 23. Bh1 Bg4 24. f3 Qxd6 25. Bxd4 exd4 26. Qe2 Bh5 27. Nxh3 Be5 28. Rb3 Bxg3+ 29. Kg1 Qe6 30. Qg2 Nh4 31. Nhf4 Rxf4 32. Qxg3+ Kh7 33. Kh2 Ng6 34. Nxf4 Nxf4 35. Rb2 d3 36. Rg1 Qe5 37. Rbg2 Bg6 38. Re1 Qh5+ 39. Kg1 Nh3+ 40. Kh2 Nf4+ 41. Kg1 Nxg2 42. Bxg2 Qg5 43. Qxc7+ Rf7 44. Qc5 d2 45. Rd1 Qxc5+ 46. bxc5 Rd7 47. Kf2 Bf7 48. Ke3 Kg7 49. Rxd2 Rc7 50. Kd4 Kf6 51. f4 Be6 52. e5+ Kg6 53. Be4+ Kf7 54. f5 Bc8 55. Kc4 b6 56. c6 Bxf5 57. Rf2 Ke6 58. Bxf5+ 1-0

[Event "Paraguay Champions"]
[Site "Asuncion"]
[Date "2018.10.20"]
[Round "2"]
[White "Heinechen, John"]
[Black "Gamarra, Ramon"]
[Result "0-1"]
[WhiteElo "2029"]
[BlackElo "1970"]
[PlyCount "126"]
[EventDate "2018.10.20"]
[EventType "tourn"]
[EventRounds "9"]
[EventCountry "PAR"]
[SourceTitle "CBM 187 Extra"]
[Source "ChessBase"]
[SourceDate "2018.11.04"]
[SourceVersion "1"]
[SourceVersionDate "2018.11.04"]
[SourceQuality "1"]

1. e4 c5 2. Nf3 d6 3. d4 cxd4 4. Nxd4 Nf6 5. Nc3 a6 6. Bg5 e6 7. f4 Be7 8. Qe2 b5 9. a3 Bb7 10. g3 Qc7 11. Bg2 Nbd7 12. 0-0-0 Rb8 13. Rhe1 Nb6 14. Bh3 0-0 15. e5 dxe5 16. fxe5 Nfd5 17. Ne4 Qxe5 18. Qh5 Qc7 19. Bxe7 Qxe7 20. Ng5 Nf6 21. Qh4 Qc5 22. Ndxe6 fxe6 23. Bxe6+ Kh8 24. Nf7+ Rxf7 25. Bxf7 Rc8 26. c3 Rf8 27. Bb3 Nc4 28. Rd4 Ne5 29. Qf4 Nf3 30. Red1 Nxd4 31. Rxd4 h6 32. Bc2 Qg5 33. Qxg5 hxg5 34. h4 g4 35. a4 Bf3 36. axb5 axb5 37. Bf5 Rb8 38. b3 Kg8 39. Rb4 Rb7 40. Bd3 Nd5 41. Bc4 Kf8 42. Bxd5 Bxd5 43. Rxg4 Bxb3 44. Rf4+ Rf7 45. Rd4 Rf3 46. Kb2 Bc4 47. g4 Rf2+ 48. Ka3 Ra2+ 49. Kb4 Rb2+ 50. Kc5 Rh2 51. g5 Kf7 52. Rd7+ Kg6 53. Rd4 Kh5 54. Rd7 g6 55. Rh7+ Kg4 56. Rh6 Bd3 57. Kd4 Bf5 58. Rh8 Rxh4 59. Rb8 Kxg5+ 60. Ke3 Rh3+ 61. Kf2 Rxc3 62. Rxb5 Kf4 63. Rb2 Rc2+ 0-1

[Event "PAR-ch sf"]
[Site "Asuncion"]
[Date "2018.08.15"]
[Round "8"]
[White "Benitez, Raul Ivan"]
[Black "Gamarra, Ramon"]
[Result "0-1"]
[WhiteElo "1664"]
[BlackElo "1941"]
[PlyCount "58"]
[EventDate "2018.08.10"]
[EventType "swiss"]
[EventRounds "9"]
[EventCountry "PAR"]
[SourceTitle "CBM 186 Extra"]
[Source "ChessBase"]
[SourceDate "2018.08.24"]
[SourceVersion "1"]
[SourceVersionDate "2018.08.24"]
[SourceQuality "1"]

1. d4 Nf6 2. Bg5 Ne4 3. Bf4 g6 4. Be5 f6 5. f3 Ng5 6. Bg3 d5 7. Nc3 Bg7 8. e3 c6 9. h4 Nf7 10. h5 e5 11. Bd3 f5 12. dxe5 Nxe5 13. Nge2 Nbd7 14. h6 Bf6 15. Nd4 Qe7 16. Bxf5 gxf5 17. Nxf5 Qc5 18. Na4 Qa5+ 19. c3 0-0 20. b4 Qb5 21. f4 Ng6 22. Nd6 Qa6 23. Rb1 Nb6 24. Nc5 Bxc3+ 25. Kf2 Qxa2+ 26. Kg1 Qd2 27. Qf3 Ne5 28. Qh5 Qxe3+ 29. Kh2 Ng4+ 0-1

[Event "Brazil Foz do Iguacu op"]
[Site "Foz do Iguacu"]
[Date "2018.05.18"]
[Round "6"]
[White "Boabaid, Jorge Alberto Duard"]
[Black "Gamarra, Ramon"]
[Result "0-1"]
[WhiteElo "1842"]
[BlackElo "1925"]
[PlyCount "68"]
[EventDate "2018.05.16"]
[EventType "swiss"]
[EventRounds "9"]
[EventCountry "BRA"]
[SourceTitle "CBM 184 Extra"]
[Source "ChessBase"]
[SourceDate "2018.06.28"]
[SourceVersion "1"]
[SourceVersionDate "2018.06.28"]
[SourceQuality "1"]

1. e4 c5 2. Nf3 d6 3. d4 cxd4 4. Nxd4 Nf6 5. Nc3 a6 6. Bg5 e6 7. f4 Be7 8. Qf3 Qb6 9. 0-0-0 Nc6 10. Nb3 Bd7 11. g4 h6 12. Bh4 g5 13. Bf2 Qc7 14. e5 dxe5 15. fxe5 Nxe5 16. Qe2 Ng6 17. Rd4 Nf4 18. Qd1 b5 19. a3 e5 20. Rxd7 Qxd7 21. Qf3 Rc8 22. h3 0-0 23. Qe3 Qe6 24. Bd3 Nxd3+ 25. Qxd3 Rfd8 26. Qg3 Rc4 27. Na5 Ne4 28. Nxe4 Rxe4 29. Kb1 Qd5 30. Rc1 Rf4 31. Bb6 Rf3 32. Qg2 Rd7 33. Nb3 Bxa3 34. Ka2 Bxb2 0-1

[Event "Brazil Foz do Iguacu op"]
[Site "Foz do Iguacu"]
[Date "2018.05.17"]
[Round "4"]
[White "Do Prado, Hamilton Mesquita"]
[Black "Gamarra, Ramon"]
[Result "0-1"]
[WhiteElo "1655"]
[BlackElo "1925"]
[PlyCount "66"]
[EventDate "2018.05.16"]
[EventType "swiss"]
[EventRounds "9"]
[EventCountry "BRA"]
[SourceTitle "CBM 184 Extra"]
[Source "ChessBase"]
[SourceDate "2018.06.28"]
[SourceVersion "1"]
[SourceVersionDate "2018.06.28"]
[SourceQuality "1"]

1. d4 d5 2. Bf4 Nf6 3. e3 g6 4. Be2 Bg7 5. c3 0-0 6. Nd2 Nbd7 7. g4 Ne8 8. Ngf3 f6 9. h4 e5 10. dxe5 fxe5 11. Bg3 Qe7 12. g5 e4 13. Nd4 c5 14. Nc2 Ne5 15. Bxe5 Qxe5 16. Bg4 Bf5 17. Qe2 Nd6 18. f4 exf3 19. Bxf3 Bxc2 20. Nf1 Be4 21. Bxe4 Nxe4 22. 0-0-0 Nf2 23. Nd2 Nxh1 24. Rxh1 Rae8 25. Re1 a6 26. Kb1 b5 27. Nb3 d4 28. cxd4 cxd4 29. e4 d3 30. Qd2 Rc8 31. Rc1 Rxc1+ 32. Nxc1 Rf1 33. a3 Rd1 0-1

[Event "Brazil Foz do Iguacu op"]
[Site "Foz do Iguacu"]
[Date "2018.05.16"]
[Round "1"]
[White "Gamarra, Ramon"]
[Black "Mekhitarian, Krikor Sevag"]
[Result "0-1"]
[WhiteElo "1925"]
[BlackElo "2545"]
[PlyCount "82"]
[EventDate "2018.05.16"]
[EventType "swiss"]
[EventRounds "9"]
[EventCountry "BRA"]
[SourceTitle "CBM 184 Extra"]
[Source "ChessBase"]
[SourceDate "2018.06.28"]
[SourceVersion "1"]
[SourceVersionDate "2018.06.28"]
[SourceQuality "1"]

1. Nf3 d5 2. d4 Nf6 3. g3 Bf5 4. Bg2 e6 5. 0-0 Be7 6. c4 c6 7. Nc3 0-0 8. Qb3 Qb6 9. Bf4 Nbd7 10. c5 Qxb3 11. axb3 a6 12. b4 h6 13. h3 Bh7 14. g4 g5 15. Bh2 h5 16. Ne5 Nxe5 17. dxe5 Nd7 18. e4 d4 19. Ne2 a5 20. Nxd4 axb4 21. Nb3 Nxc5 22. Nxc5 Bxc5 23. Rad1 hxg4 24. hxg4 Rfd8 25. Bf3 Bd4 26. Rd2 Ra2 27. Rfd1 c5 28. Kf1 Rda8 29. b3 Rxd2 30. Rxd2 Ra1+ 31. Kg2 Rb1 32. Rd3 b5 33. Bg3 Kg7 34. Kh2 Rc1 35. Rd2 Rc3 36. Bd1 Bxe4 37. Be2 Rxb3 38. f3 Bxf3 39. Rd3 Rxd3 40. Bxd3 c4 41. Bb1 b3 0-1

[Event "PAR-ch sf"]
[Site "Asuncion"]
[Date "2017.08.13"]
[Round "4"]
[White "Heinechen, John"]
[Black "Gamarra, Ramon"]
[Result "1-0"]
[WhiteElo "1982"]
[BlackElo "1903"]
[PlyCount "75"]
[EventDate "2017.08.11"]
[EventType "swiss"]
[EventRounds "9"]
[EventCountry "PAR"]
[SourceTitle "CBM 180 Extra"]
[Source "ChessBase"]
[SourceDate "2017.10.06"]
[SourceVersion "1"]
[SourceVersionDate "2017.10.06"]
[SourceQuality "1"]

1. e4 c5 2. Nf3 d6 3. d4 cxd4 4. Nxd4 Nf6 5. Nc3 a6 6. Bg5 e6 7. f4 Be7 8. Qe2 0-0 9. 0-0-0 Nfd7 10. h4 Re8 11. g4 Qc7 12. Bxe7 Rxe7 13. f5 Nc6 14. Qh2 Nde5 15. Be2 b5 16. f6 Re8 17. Qf4 Ng6 18. Qh2 b4 19. h5 Nge5 20. Nb1 Bb7 21. g5 Nxd4 22. Rxd4 Rac8 23. c3 Qc5 24. Qg1 Nc6 25. Rd3 Ne5 26. Rd4 Nc6 27. Rd3 Ne5 28. Re3 d5 29. exd5 exd5 30. g6 gxf6 31. gxh7+ Kxh7 32. Qf2 Re6 33. Rg1 Qf8 34. Qf5+ Kh8 35. h6 Qxh6 36. Nd2 Nd3+ 37. Rxd3 Re5 38. Rh3 1-0